LEADER 01404nam a2200325 a 4500 001 000000175654 003 CaOOAMICUS 005 20230123112537.0 008 230123s2022 it u000 u ita r 020 $a979-1-254-82049-0* 032 $aLibriCat 040 $aPUL$bita 082 04$a262.9 100 1 $aErrázuriz, Carlos José.$0(OLS)http://pul/name/90294 245 00$aChiesa e diritto : $bsaggi sui fondamenti del diritto nella Chiesa / $cCarlos José Errazuriz . 260 $aRoma :$bEDUSC,$c©2022. 300 $a351 p. ;$c$a24 cm 490 1 $aSubsidia canonica ;$v37 500 $aIn testa alla cop.: Pontificia Universitŕ della Santa Croce, Facoltŕ di Diritto Canonico. 504 $aBibliografia in nota. 650 04$aDiritto canonico$vManuali e compendi.$0(OLS)http://pul/subject/11542 830 0$aSubsidia canonica ;$v37.$0(OLS)http://pul/title/67028 850 $aPUL 852 $aPUL$W1$xSL Diritto Canonico 3$y77$m262. 9 COLL 8.37$j199837$qDDC 21$B204595$CPULBib$Z2$F204595 $H135976 $82 941 1 $a9 996 $6020$a979-1-254-82049-0*$9(OLS)http://pul/number/168957 996 $6082$a262.9$9(OLS)http://pul/classification/369 996 $6245$aChiesa e diritto : $bsaggi sui fondamenti del diritto nella Chiesa / $9(OLS)http://pul/title/217112 996 $6260$aRoma :$bEDUSC$9(OLS)http://pul/publisher/79480 LEADER 01256nam a2200277 u 4500 001 000000027957 003 CaOOAMICUS 005 20070226111740.0 008 960312s1985 it d u000 u ita u 035 $a10725710 040 $aMSA$bita 100 1 $aMemoli, Rosanna.$0(OLS)http://pul/name/22792 245 10$aDisegno della ricerca e analisi dei dati /$cR. Memoli, A. Saporiti. 260 $aRoma :$bLa Goliardica,$c1985. 300 $a583 p. :$bprosp. ;$c22 cm 490 1 $aSociologia. Studi e ricerche. Teoria e metodologia 504 $aBibliografia: p. [561]-580. 650 4$aSociologia$xRicerca.$0(OLS)http://pul/subject/16124 650 4$aSociologia$xMetodologia.$0(OLS)http://pul/subject/16125 700 1 $aSaporiti, Angelo,$cO.F.M.,$d1962-$0(OLS)http://pul/name/22793 830 0$aCollana di sociologia (Goliardica editrice).$pStudi e ricerche.$pTeoria e metodologia.$0(OLS)http://pul/title/38199 850 $aPUL 852 $aPUL$W1$xDP1 Fondo Pastorale$y55$mP18 E 1$j38877$nBK-PRI$b $qFondi$B38877$CPULBib$Z2$F38877 $HPUL58870 $81 941 1 $a1 996 $6245$aDisegno della ricerca e analisi dei dati$9(OLS)http://pul/title/38198 996 $6260$aRoma :$bLa Goliardica$9(OLS)http://pul/publisher/49415